000
00320nam a22001457a 4500
008
210528b ||||| |||| 00| 0 eng d
020
_a
0155057286
041
_a
eng
080
_a
510
082
_a
510
100
_a
38
101
_a
MAT
245
_a
Calculus with Analytic Geometry
_c
Robert Ellis
942
_2
udc
_c
BK
999
_c
57773
_d
57773